00552nam a2200193 a 4500001001300000003000900013005001700022008004100039020001000080082001800090100002600108245006000134260004700194300000900241500003500250505001000285650003700295700002600332nice12345678IN_TiNIC20260116012718.0050524s1988 dela grp 000 0 eng  ac25000a320.9541bKHA aKhan, Mohammad Asghar aIslam, Politics and the Stateb the Pakistan Experience aDelhibSelect Book Service Syndicatec1988 a281p aincludes index and biblioraphy2 aindex aPakistan-Politics and Government1 aKhan, Mohammad Asghar